000 00361nam a2200133Ia 4500
008 201214s9999 xx 000 0 und d
100 _aTrade and Technical Press Limited
245 0 _aHandbook of Industrial Fire Protection and Security
260 _aLondon
260 _bModern Trade and Technical Press Ltd.
260 _c1980
300 _a423
942 _cBK
999 _c5732
_d5732